Faculty of Law Library — Cairo University

Official Online Catalog

Practical Studies In Foreign Law (French Corporations) / (Record no. 64187)

MARC details
000 -LEADER
fixed length control field 01070nam a2200301 4500
003 - CONTROL NUMBER IDENTIFIER
control field EG-GICUC
005 - DATE AND TIME OF LATEST TRANSACTION
control field 20260303114220.0
008 - FIXED-LENGTH DATA ELEMENTS--GENERAL INFORMATION
fixed length control field 260225s1956 nyu |||fr ||| 00| 0 eng d
040 ## - CATALOGING SOURCE
Original cataloging agency EG-GICUC
Language of cataloging fre
Transcribing agency EG-GICUC
Modifying agency EG-GICUC
Description conventions rda
082 04 - DEWEY DECIMAL CLASSIFICATION NUMBER
Classification number 341.1
Item number M O . P
Edition number 21
092 04 - LOCALLY ASSIGNED DEWEY CALL NUMBER (OCLC)
Edition number 21
099 ## - LOCAL FREE-TEXT CALL NUMBER (OCLC)
Classification number Law1 11 341.10747 H E . P 1956
100 1# - MAIN ENTRY--PERSONAL NAME
Personal name Moreau Henri, Bressac Henri
Relator term Author.
110 1# - MAIN ENTRY--CORPORATE NAME
Form subheading Candless O. Carlysle Mc
Relator term Contributor
245 ## - TITLE STATEMENT
Title Practical Studies In Foreign Law (French Corporations) /
Statement of responsibility, etc. by Messrs. Henri Moreau; Henri Bressac, Collaboration With O. Carlysle Mc Candless.
264 ## - PRODUCTION, PUBLICATION, DISTRIBUTION, MANUFACTURE, AND COPYRIGHT NOTICE
Place of production, publication, distribution, manufacture New York City:
Name of producer, publisher, distributor, manufacturer Oceana Publications,
Date of production, publication, distribution, manufacture, or copyright notice 1956.
300 ## - PHYSICAL DESCRIPTION
Extent 89 Pages :
Dimensions 24 Cm.
336 ## - CONTENT TYPE
Source rda content
Content type term text
337 ## - MEDIA TYPE
Source rda media
Media type term Computer
338 ## - CARRIER TYPE
Source rda carrier
Carrier type term Online Resource
546 ## - LANGUAGE NOTE
Language note Text in English
650 14 - SUBJECT ADDED ENTRY--TOPICAL TERM
Topical term or geographic name entry element Public international law
Source of heading or term qrmak
651 1# - SUBJECT ADDED ENTRY--GEOGRAPHIC NAME
Source of heading or term qrmak
700 0# - ADDED ENTRY--PERSONAL NAME
Personal name Candless O. Carlysle Mc
Relator term Contributor
856 40 - ELECTRONIC LOCATION AND ACCESS
Uniform Resource Identifier <a href="https://fll.law.cu.edu.eg/fulltext/bks/B11-06434.pdf">https://fll.law.cu.edu.eg/fulltext/bks/B11-06434.pdf</a>
905 ## - Cataloger and Reviser Names
Cataloger Name: Hoda
942 ## - ADDED ENTRY ELEMENTS (KOHA)
Source of classification or shelving scheme Dewey Decimal Classification
Koha item type Books
Edition 21
Suppress in OPAC No
Holdings
Withdrawn status Lost status Source of classification or shelving scheme Damaged status Not for loan Collection Home library Current library Date acquired Total checkouts Full call number Barcode Date last seen Copy number Price effective from Koha item type
    Dewey Decimal Classification   Not for loan القانون الدولي العام جــــامعة القــاهرة مكتبة كلية الحقوق - المبنى الرئيسي 25.02.2026   Law1 11 341.1 M O . P 1956 1106434 C1 B11-06434 25.02.2026 1 25.02.2026 Books

© All rights reserved — Faculty of Law, Cairo University